| 000 | 00722nab a22002177a 4500 | ||
|---|---|---|---|
| 003 | OSt | ||
| 005 | 20250403015230.0 | ||
| 008 | 250326t2017 |||||||| |||| 00| 0 eng d | ||
| 022 | _a0115-0839 | ||
| 040 | _cJMCFI - Learning Resource Center | ||
| 082 | _aPer. 613.'051 H434 2017 | ||
| 100 |
_aBudayao, Czarina V. _922105 |
||
| 245 |
_aMagnetic memories / _cCzarina V. Budayao. |
||
| 260 |
_aManila: _bPhilippine Publishing House, _c2017. |
||
| 650 |
_aHandicrafts. _922972 |
||
| 650 |
_aSouvenirs. _922973 |
||
| 650 |
_aKeepsakes. _922974 |
||
| 650 |
_aDecoration and ornament. _922975 |
||
| 773 |
_g, volume 58, number 3 ( May-June) page 34. _tHealth & Home : The National Journal of Better Living |
||
| 942 |
_cPER. _n0 _2lcc |
||
| 999 |
_c6714 _d6714 |
||